Painless project management :a step-by-step guide for planning, executing, and managing projects -(E-BOOK) (Record no. 192784)

000 -LEADER
fixed length control field 01257 a2200277 4500
003 - CONTROL NUMBER IDENTIFIER
control field Nust
005 - DATE AND TIME OF LATEST TRANSACTION
control field 20170207154044.0
010 ## - LIBRARY OF CONGRESS CONTROL NUMBER
LC control number 2007019249
020 ## - INTERNATIONAL STANDARD BOOK NUMBER
International Standard Book Number 0470117214 (pbk.)
020 ## - INTERNATIONAL STANDARD BOOK NUMBER
International Standard Book Number 9780470117217 (pbk.)
035 ## - SYSTEM CONTROL NUMBER
System control number (OCoLC)124165928
035 ## - SYSTEM CONTROL NUMBER
System control number (OCoLC)ocn124165928
040 ## - CATALOGING SOURCE
Transcribing agency Nust
082 00 - DEWEY DECIMAL CLASSIFICATION NUMBER
Classification number 658.404
100 1# - MAIN ENTRY--PERSONAL NAME
Personal name McGhee, Pamela,
245 10 - TITLE STATEMENT
Title Painless project management :a step-by-step guide for planning, executing, and managing projects -(E-BOOK)
Statement of responsibility, etc. Pamela McGhee, Peter McAliney.
260 ## - PUBLICATION, DISTRIBUTION, ETC.
Place of publication, distribution, etc. Hoboken, N.J. :
Name of publisher, distributor, etc. John Wiley & Sons,
Date of publication, distribution, etc. c2007.
300 ## - PHYSICAL DESCRIPTION
Extent x, 252 p. :
Other physical details ill. ;
Dimensions 24 cm.
505 ## - FORMATTED CONTENTS NOTE
Formatted contents note Part I. The Painless Faster, Simpler Method For Smaller Projects And Newer Project Managers (Page-3), Part Ii The Painless Tried-And-True Method For Larger, More Complex Projects And Experienced Project Managers (Page-111).
650 #0 - SUBJECT ADDED ENTRY--TOPICAL TERM
Topical term or geographic name entry element Project management.
651 ## - SUBJECT ADDED ENTRY--GEOGRAPHIC NAME
Geographic name E-BOOK
700 1# - ADDED ENTRY--PERSONAL NAME
Personal name McAliney, Peter,
Dates associated with a name 1961-
856 41 - ELECTRONIC LOCATION AND ACCESS
Materials specified Contributor biographical information
Uniform Resource Identifier <a href="http://www.loc.gov/catdir/enhancements/fy0739/2007019249-b.html">http://www.loc.gov/catdir/enhancements/fy0739/2007019249-b.html</a>
856 41 - ELECTRONIC LOCATION AND ACCESS
Materials specified Publisher description
Uniform Resource Identifier <a href="http://www.loc.gov/catdir/enhancements/fy0739/2007019249-d.html">http://www.loc.gov/catdir/enhancements/fy0739/2007019249-d.html</a>
856 41 - ELECTRONIC LOCATION AND ACCESS
Materials specified Table of contents only
Uniform Resource Identifier <a href="http://www.loc.gov/catdir/toc/ecip0717/2007019249.html">http://www.loc.gov/catdir/toc/ecip0717/2007019249.html</a>
942 ## - ADDED ENTRY ELEMENTS (KOHA)
Source of classification or shelving scheme
Koha item type Book
Holdings
Withdrawn status Lost status Source of classification or shelving scheme Damaged status Not for loan Collection code Permanent Location Current Location Date acquired Total Checkouts Full call number Barcode Date last seen Price effective from Koha item type
            Military College of Signals (MCS) Military College of Signals (MCS) 12/12/2016   658.404 MCG MCSEB-2302 12/08/2016 12/12/2016 Book
© 2023 Central Library, National University of Sciences and Technology. All Rights Reserved.